[Event "IBCA-ol blind 17th"]
[Site "Vrnjacka Banja"]
[Date "2025.06.25"]
[Round "9.1"]
[White "Tazbir, Marcin"]
[Black "Dimic, Pavle"]
[Result "1/2-1/2"]
[WhiteElo "2504"]
[BlackElo "2322"]
[PlyCount "47"]
[EventDate "2025.06.17"]
[EventType "team-swiss"]
[EventRounds "9"]
[EventCountry "SRB"]
[SourceTitle "CB27_2025"]
[SourceDate "2025.07.02"]
[SourceVersion "1"]
[SourceVersionDate "2025.07.02"]
[SourceQuality "1"]
[WhiteTeam "Poland"]
[BlackTeam "Serbia"]
[WhiteTeamCountry "POL"]
[BlackTeamCountry "SRB"]

1. e4 c6 2. Nc3 d5 3. Nf3 Bg4 4. h3 Bxf3 5. Qxf3 Nf6 6. Be2 e6 7. 0-0 Nbd7 8. d4 dxe4 9. Nxe4 Nxe4 10. Qxe4 Nf6 11. Qd3 Be7 12. c3 0-0 13. Qc2 a5 14. Bf3 Nd5 15. Rd1 Bf6 16. c4 Ne7 17. Be4 g6 18. Bh6 Re8 19. Be3 a4 20. Rab1 Qa5 21. b4 axb3 22. Rxb3 Qxa2 23. Qxa2 Rxa2 24. Rxb7 1/2-1/2

[Event "POL-chT Ekstraliga"]
[Site "Chotowa"]
[Date "2025.06.08"]
[Round "7.1"]
[White "Tazbir, Marcin"]
[Black "Maurizzi, Marc Andria"]
[Result "1-0"]
[WhiteElo "2504"]
[BlackElo "2607"]
[PlyCount "65"]
[EventDate "2025.06.02"]
[EventType "team-tourn"]
[EventRounds "9"]
[EventCountry "POL"]
[SourceTitle "CB24_2025"]
[SourceDate "2025.06.11"]
[SourceVersion "1"]
[SourceVersionDate "2025.06.11"]
[SourceQuality "1"]
[WhiteTeam "Miedzyborow Wrzos"]
[BlackTeam "Dabrowa Gornicza Zaglebie"]
[WhiteTeamCountry "POL"]
[BlackTeamCountry "POL"]

1. Nf3 d6 2. g3 e5 3. d3 f5 4. Bg2 Be7 5. c4 a5 6. Nc3 Nf6 7. Rb1 0-0 8. 0-0 Qe8 9. Bg5 c6 10. a3 Nbd7 11. b4 h6 12. Bxf6 Bxf6 13. Qc2 axb4 14. axb4 e4 15. Ne1 Ne5 16. dxe4 Nxc4 17. exf5 Kh8 18. Rd1 Ne3 19. fxe3 Qxe3+ 20. Kh1 Qxc3 21. Qe4 d5 22. Qg4 Qc4 23. e4 Re8 24. Nd3 dxe4 25. Nf4 Ra2 26. Rde1 Qxb4 27. Qh5 Rg8 28. Rxe4 Qb3 29. Re8 Rxg2 30. Kxg2 Rxe8 31. Qxe8+ Qg8 32. Ng6+ Kh7 33. Nf8+ 1-0

[Event "Katowice rapid op"]
[Site "Katowice"]
[Date "2025.05.31"]
[Round "7"]
[White "Kosakowski, Jakub"]
[Black "Tazbir, Marcin"]
[Result "1/2-1/2"]
[WhiteElo "2509"]
[BlackElo "2435"]
[PlyCount "97"]
[EventDate "2025.05.31"]
[EventType "swiss"]
[EventRounds "11"]
[EventCountry "POL"]
[SourceTitle "CB24_2025"]
[SourceDate "2025.06.11"]
[SourceVersion "1"]
[SourceVersionDate "2025.06.11"]
[SourceQuality "1"]

1. e4 c5 2. Nf3 d6 3. d4 Nf6 4. Nc3 cxd4 5. Nxd4 a6 6. Be3 e5 7. Nb3 Be6 8. f3 Nbd7 9. g4 b5 10. g5 b4 11. Ne2 Nh5 12. Qd2 a5 13. Ng3 Nxg3 14. hxg3 a4 15. Nc1 Qa5 16. Bh3 Nb6 17. Bxe6 fxe6 18. Bxb6 Qxb6 19. Nd3 Be7 20. 0-0-0 b3 21. Kb1 Rc8 22. cxb3 axb3 23. Rc1 Rxc1+ 24. Qxc1 bxa2+ 25. Ka1 Qa6 26. Nb4 Qb7 27. Nc6 0-0 28. f4 exf4 29. gxf4 Bd8 30. Qc4 Qf7 31. Rd1 Bc7 32. f5 Re8 33. Qb5 Qh5 34. Rc1 Qxg5 35. Qc4 d5 36. exd5 exd5 37. Qxd5+ Kh8 38. Rh1 Rf8 39. Nd4 Rd8 40. Qc6 Qe7 41. Ne6 Rd7 42. Qa8+ Bd8 43. Qg2 h6 44. Qg6 Rd6 45. Rxh6+ gxh6 46. Qxh6+ Kg8 47. Qg6+ Kh8 48. Qh6+ Kg8 49. Qg6+ 1/2-1/2

[Event "SVK-chT 2425"]
[Site "Slovakia"]
[Date "2025.03.15"]
[Round "7.2"]
[White "Tazbir, Marcin"]
[Black "Jakab, Bela"]
[Result "1/2-1/2"]
[WhiteElo "2501"]
[BlackElo "2337"]
[PlyCount "51"]
[EventDate "2024.11.23"]
[EventType "team-tourn"]
[EventRounds "11"]
[EventCountry "SVK"]
[SourceTitle "CB14_2025"]
[SourceDate "2024.11.01"]
[SourceVersion "1"]
[SourceVersionDate "2024.11.01"]
[SourceQuality "1"]
[WhiteTeam "Dunajov/Martin"]
[BlackTeam "Komarno"]
[WhiteTeamCountry "SVK"]
[BlackTeamCountry "SVK"]

1. e4 e6 2. d4 d5 3. Nc3 Bb4 4. e5 Ne7 5. a3 Bxc3+ 6. bxc3 c5 7. h4 Qc7 8. Nf3 Nbc6 9. h5 h6 10. Rh4 Bd7 11. Rg4 Rg8 12. Bd3 Nf5 13. Rf4 cxd4 14. g4 Nxe5 15. gxf5 Nxd3+ 16. cxd3 e5 17. Rh4 dxc3 18. Qb3 0-0-0 19. d4 f6 20. dxe5 fxe5 21. Qxd5 Bc6 22. Qe6+ Kb8 23. Ng1 Bd5 24. Qg6 Bb3 25. Kf1 Rd6 26. Qg3 1/2-1/2

[Event "SVK-chT 2425"]
[Site "Slovakia"]
[Date "2025.02.15"]
[Round "5.2"]
[White "Bochnicka, Vladimir1"]
[Black "Tazbir, Marcin"]
[Result "1-0"]
[WhiteElo "2348"]
[BlackElo "2506"]
[PlyCount "57"]
[EventDate "2024.11.23"]
[EventType "team-tourn"]
[EventRounds "11"]
[EventCountry "SVK"]
[SourceTitle "CB14_2025"]
[SourceDate "2024.11.01"]
[SourceVersion "1"]
[SourceVersionDate "2024.11.01"]
[SourceQuality "1"]
[WhiteTeam "Bratislava KSN"]
[BlackTeam "Dunajov/Martin"]
[WhiteTeamCountry "SVK"]
[BlackTeamCountry "SVK"]

1. e4 e5 2. Nf3 Nc6 3. Bc4 Nf6 4. d3 h6 5. c3 d6 6. a4 g5 7. Qb3 Qe7 8. a5 a6 9. 0-0 Bg7 10. Re1 Nh5 11. Be3 0-0 12. h3 Kh8 13. Nbd2 Nf4 14. d4 h5 15. Qd1 Qf6 16. Nf1 g4 17. hxg4 hxg4 18. N3h2 exd4 19. cxd4 Nxd4 20. Nxg4 Qg6 21. Nfh2 Nfe6 22. Ra3 c5 23. Bc1 Ng5 24. Rg3 Nh7 25. Nh6 Qf6 26. Qh5 Be6 27. e5 dxe5 28. Bd3 Bxh6 29. Bxh6 1-0

[Event "SVK-chT 2425"]
[Site "Slovakia"]
[Date "2025.01.18"]
[Round "3.2"]
[White "Mazur, Stefan"]
[Black "Tazbir, Marcin"]
[Result "0-1"]
[WhiteElo "2444"]
[BlackElo "2502"]
[PlyCount "94"]
[EventDate "2024.11.23"]
[EventType "team-tourn"]
[EventRounds "11"]
[EventCountry "SVK"]
[SourceTitle "CB14_2025"]
[SourceDate "2024.11.01"]
[SourceVersion "1"]
[SourceVersionDate "2024.11.01"]
[SourceQuality "1"]
[WhiteTeam "Liptov Chess School"]
[BlackTeam "Dunajov/Martin"]
[WhiteTeamCountry "SVK"]
[BlackTeamCountry "SVK"]

1. e4 c5 2. Nf3 d6 3. d4 cxd4 4. Nxd4 Nf6 5. Nc3 a6 6. h3 e5 7. Nde2 h5 8. g3 b5 9. Nd5 Bb7 10. Nec3 Nbd7 11. Bg5 Be7 12. Nxe7 Qxe7 13. Bg2 Qe6 14. 0-0 Rc8 15. f4 Rxc3 16. bxc3 Nxe4 17. Bxe4 Bxe4 18. f5 Qd5 19. Qxd5 Bxd5 20. Rad1 Bc4 21. Rxd6 Bxf1 22. Kxf1 f6 23. Bc1 Kd8 24. Rxa6 Kc7 25. Be3 Kb7 26. Re6 Ra8 27. Ke2 Rxa2 28. Kd3 h4 29. gxh4 Ra4 30. Bf2 Rf4 31. Ke3 Nb6 32. Re7+ Kc6 33. Rxg7 Nd5+ 34. Ke2 Nxc3+ 35. Ke1 Rxf5 36. Rg6 Kd5 37. Bb6 Rf3 38. Bd8 Ke6 39. h5 Nd5 40. Rh6 Rxh3 41. Rh8 Kf5 42. Ba5 Ke4 43. h6 Ne3 44. h7 Nxc2+ 45. Kf2 Ne3 46. Bd8 Nd5 47. Kg2 Rh5 0-1

[Event "Spilimbergo op 22nd"]
[Site "Spilimbergo"]
[Date "2024.08.10"]
[Round "2"]
[White "Suleymanli, Suleyman"]
[Black "Tazbir, Marcin"]
[Result "1/2-1/2"]
[WhiteElo "2290"]
[BlackElo "2492"]
[PlyCount "49"]
[EventDate "2024.08.09"]
[EventType "swiss"]
[EventRounds "9"]
[EventCountry "ITA"]
[SourceTitle "EXT 2025"]
[Source "ChessBase"]
[SourceDate "2024.10.14"]
[SourceVersion "1"]
[SourceVersionDate "2024.10.14"]
[SourceQuality "1"]

1. Nf3 d5 2. g3 Nd7 3. d4 Nb6 4. Bg2 Nf6 5. 0-0 Bf5 6. b3 e6 7. Bb2 c6 8. Nbd2 h6 9. Re1 Be7 10. Ne5 0-0 11. c4 a5 12. e4 dxe4 13. Nxe4 Nbd7 14. Nxf6+ Bxf6 15. Ba3 Re8 16. Qh5 Nxe5 17. dxe5 Bg6 18. Qe2 Be7 19. Rad1 Qb6 20. Bd6 Bxd6 21. exd6 Rad8 22. Qe5 c5 23. Rd2 f6 24. Qf4 Rd7 25. h4 1/2-1/2

[Event "Spilimbergo op 22nd"]
[Site "Spilimbergo"]
[Date "2024.08.10"]
[Round "3"]
[White "Tazbir, Marcin"]
[Black "Kenbeilov, Timur"]
[Result "1-0"]
[WhiteElo "2492"]
[BlackElo "2285"]
[PlyCount "60"]
[EventDate "2024.08.09"]
[EventType "swiss"]
[EventRounds "9"]
[EventCountry "ITA"]
[SourceTitle "EXT 2025"]
[Source "ChessBase"]
[SourceDate "2024.10.14"]
[SourceVersion "1"]
[SourceVersionDate "2024.10.14"]
[SourceQuality "1"]

1. d4 Nf6 2. c4 e6 3. Nc3 d5 4. cxd5 exd5 5. Bg5 Be7 6. e3 h6 7. Bh4 Bg4 8. f3 Bf5 9. Bd3 Bxd3 10. Qxd3 Nbd7 11. Nge2 c6 12. 0-0 0-0 13. Rad1 Re8 14. Bf2 Rc8 15. Kh1 b5 16. e4 b4 17. Na4 Qa5 18. b3 dxe4 19. fxe4 Rcd8 20. Qf3 c5 21. e5 Nh7 22. Bg3 cxd4 23. Qxf7+ Kh8 24. Nxd4 Ng5 25. Qg6 Bf8 26. h4 Nxe5 27. Bxe5 Rxe5 28. Nc6 Rxd1 29. Rxd1 Rd5 30. Rf1 Rd6 1-0

[Event "IBCA EU-ch blind"]
[Site "Ploiesti"]
[Date "2024.06.17"]
[Round "2"]
[White "Fernandez Lago, David"]
[Black "Tazbir, Marcin"]
[Result "1/2-1/2"]
[WhiteElo "1997"]
[BlackElo "2500"]
[PlyCount "58"]
[EventDate "2024.06.16"]
[EventType "swiss"]
[EventRounds "9"]
[EventCountry "ROU"]
[SourceTitle "CBM 220 Extra"]
[Source "ChessBase"]
[SourceDate "2024.07.31"]
[SourceVersion "1"]
[SourceVersionDate "2024.07.31"]
[SourceQuality "1"]

1. e4 c5 2. Nf3 e6 3. d4 cxd4 4. Nxd4 a6 5. c4 Nf6 6. Nc3 Qc7 7. Be2 d6 8. 0-0 Be7 9. Be3 Nbd7 10. f4 b6 11. Bf3 Bb7 12. Rc1 Rc8 13. b3 Qb8 14. Qe2 g6 15. f5 e5 16. fxg6 hxg6 17. Nc2 Nc5 18. Nd5 Nxd5 19. cxd5 Rh7 20. Nb4 Qa8 21. Bg4 Rc7 22. Nd3 Bd8 23. Nf2 a5 24. Qb5+ Kf8 25. Qxb6 Rd7 26. Qb5 Ba6 27. Qc6 Bb7 28. Qb5 Ba6 29. Qc6 Bb7 1/2-1/2

[Event "IBCA EU-ch blind"]
[Site "Ploiesti"]
[Date "2024.06.16"]
[Round "1"]
[White "Tazbir, Marcin"]
[Black "Petrovic, Vladan"]
[Result "1-0"]
[WhiteElo "2500"]
[BlackElo "1865"]
[PlyCount "57"]
[EventDate "2024.06.16"]
[EventType "swiss"]
[EventRounds "9"]
[EventCountry "ROU"]
[SourceTitle "CBM 220 Extra"]
[Source "ChessBase"]
[SourceDate "2024.07.31"]
[SourceVersion "1"]
[SourceVersionDate "2024.07.31"]
[SourceQuality "1"]

1. e4 c6 2. c4 d5 3. exd5 cxd5 4. cxd5 Nf6 5. Bb5+ Nbd7 6. Nc3 g6 7. Nge2 Bg7 8. 0-0 0-0 9. Nf4 Nb6 10. Qb3 Qd6 11. d3 Rd8 12. Bc4 Bf5 13. h3 h6 14. Be3 g5 15. Bxb6 Qxb6 16. Qxb6 axb6 17. Nfe2 Rac8 18. a4 Nd7 19. Rfd1 Ne5 20. b3 e6 21. Rac1 Bf8 22. g4 exd5 23. Nxd5 Be6 24. Nec3 Rc6 25. Kf1 Rcd6 26. d4 Nc6 27. Nf6+ Kg7 28. Nh5+ Kg8 29. d5 1-0

[Event "Katowice Silesia 100th Ann op"]
[Site "Katowice"]
[Date "2024.04.27"]
[Round "4"]
[White "Tazbir, Marcin"]
[Black "Kejna, Piotr"]
[Result "1-0"]
[WhiteElo "2500"]
[BlackElo "2205"]
[PlyCount "67"]
[EventDate "2024.04.27"]
[EventType "swiss (rapid)"]
[EventRounds "11"]
[EventCountry "POL"]
[SourceTitle "CBM 220 Extra"]
[Source "ChessBase"]
[SourceDate "2024.07.31"]
[SourceVersion "1"]
[SourceVersionDate "2024.07.31"]
[SourceQuality "1"]

1. e4 c5 2. Ne2 d6 3. g3 Nc6 4. Bg2 g6 5. c3 Bg7 6. d4 cxd4 7. cxd4 Nf6 8. Nbc3 0-0 9. 0-0 Bg4 10. f3 Bd7 11. Be3 Na5 12. b3 Rc8 13. Rc1 Rc7 14. e5 Ne8 15. f4 e6 16. Qd2 d5 17. g4 f5 18. g5 b6 19. Nxd5 exd5 20. Bxd5+ Kh8 21. Bg2 Bb5 22. d5 Rd7 23. Rfd1 Bxe2 24. Qxe2 Nc7 25. d6 Ne8 26. Qd2 Nb7 27. Bxb7 Rxb7 28. d7 Nc7 29. Qd6 h6 30. h4 Kh7 31. Rc6 Rg8 32. Qxg6+ Kh8 33. Qxf5 Rf8 34. Qe4 1-0

[Event "SVK-chT1E 2223"]
[Site "Slovakia"]
[Date "2024.03.09"]
[Round "10.2"]
[White "Tazbir, Marcin"]
[Black "Ihnat, Marek1"]
[Result "1-0"]
[WhiteElo "2497"]
[BlackElo "2110"]
[PlyCount "51"]
[EventDate "2023.10.21"]
[EventType "team-tourn"]
[EventRounds "11"]
[EventCountry "SVK"]
[SourceTitle "EXT 2025"]
[Source "ChessBase"]
[SourceDate "2024.10.14"]
[SourceVersion "1"]
[SourceVersionDate "2024.10.14"]
[SourceQuality "1"]
[WhiteTeam "Dunajov Martin"]
[BlackTeam "Michalovce Zemplin"]
[WhiteTeamCountry "SVK"]
[BlackTeamCountry "SVK"]

1. c4 Nf6 2. g3 g6 3. Bg2 d5 4. cxd5 Nxd5 5. Nc3 Nb6 6. d3 Bg7 7. Be3 Nc6 8. Bxc6+ bxc6 9. Qd2 h6 10. Rc1 Nd5 11. Nf3 Nxe3 12. Qxe3 Bh3 13. b3 Qd6 14. Nd2 h5 15. Nce4 Qd5 16. Rc5 Qd7 17. Nf3 Bg2 18. Ne5 Qh3 19. Ng5 Bh6 20. Nexf7 Bxh1 21. Qe5 Qg4 22. Qxh8+ Bf8 23. f3 Qb4+ 24. Qc3 Qb6 25. Rxc6 Qg1+ 26. Kd2 1-0

[Event "SVK-chT1E 2223"]
[Site "Slovakia"]
[Date "2024.02.04"]
[Round "9.2"]
[White "Krnan, Tomas"]
[Black "Tazbir, Marcin"]
[Result "0-1"]
[WhiteElo "2431"]
[BlackElo "2497"]
[PlyCount "72"]
[EventDate "2023.10.21"]
[EventType "team-tourn"]
[EventRounds "11"]
[EventCountry "SVK"]
[SourceTitle "EXT 2025"]
[Source "ChessBase"]
[SourceDate "2024.10.14"]
[SourceVersion "1"]
[SourceVersionDate "2024.10.14"]
[SourceQuality "1"]
[WhiteTeam "Banska Bystrica Junior"]
[BlackTeam "Dunajov Martin"]
[WhiteTeamCountry "SVK"]
[BlackTeamCountry "SVK"]

1. e4 c5 2. Nf3 d6 3. Bb5+ Nd7 4. a4 Ngf6 5. Nc3 g6 6. a5 a6 7. Be2 Bg7 8. 0-0 0-0 9. d3 e5 10. Nd2 b5 11. axb6 Nxb6 12. Nc4 Nxc4 13. dxc4 Bb7 14. Bf3 h6 15. Be3 Qc7 16. Qd2 Kh7 17. h4 Bc8 18. Rfd1 Rd8 19. Qe2 Be6 20. h5 g5 21. Nd5 Qc8 22. Qd3 Rb8 23. Ra2 g4 24. Nxf6+ Bxf6 25. Be2 Bg5 26. Rda1 Rb6 27. c3 Qb7 28. b4 Bxe3 29. Qxe3 cxb4 30. cxb4 Rxb4 31. Rxa6 Rb3 32. Qa7 Qxe4 33. Qe7 Rdb8 34. Bf1 Rb1 35. Qxd6 g3 36. fxg3 Qxc4 0-1

[Event "SVK-chT1E 2223"]
[Site "Slovakia"]
[Date "2023.10.22"]
[Round "2.2"]
[White "Tazbir, Marcin"]
[Black "Dovzik, Juri"]
[Result "1/2-1/2"]
[WhiteElo "2497"]
[BlackElo "2235"]
[PlyCount "66"]
[EventDate "2023.10.21"]
[EventType "team-tourn"]
[EventRounds "11"]
[EventCountry "SVK"]
[SourceTitle "EXT 2025"]
[Source "ChessBase"]
[SourceDate "2024.10.14"]
[SourceVersion "1"]
[SourceVersionDate "2024.10.14"]
[SourceQuality "1"]
[WhiteTeam "Dunajov Martin"]
[BlackTeam "Kosice Slavia UPJS"]
[WhiteTeamCountry "SVK"]
[BlackTeamCountry "SVK"]

1. e4 c5 2. Nf3 e6 3. d3 Nc6 4. g3 g6 5. Bg2 Bg7 6. 0-0 Nge7 7. Re1 d6 8. c3 e5 9. a3 a5 10. a4 0-0 11. Na3 h6 12. Nb5 Na7 13. Nxa7 Rxa7 14. d4 b6 15. dxe5 dxe5 16. Qxd8 Rxd8 17. Nd2 Be6 18. Bf1 Rad7 19. Nc4 Rd1 20. Be3 Rxe1 21. Rxe1 Nc8 22. Rb1 f5 23. f3 Kh7 24. exf5 Bxf5 25. Rc1 e4 26. fxe4 Bxe4 27. Re1 Bc2 28. Bh3 Bb3 29. Bxc8 Bxc4 30. Bb7 Bb3 31. Bc6 g5 32. Kg2 Bf6 33. Kf2 Kg7 1/2-1/2

[Event "POL-chT Ekstraliga"]
[Site "Lublin"]
[Date "2023.09.24"]
[Round "7.3"]
[White "Tazbir, Marcin"]
[Black "Bobras, Piotr"]
[Result "1/2-1/2"]
[WhiteElo "2494"]
[BlackElo "2463"]
[PlyCount "55"]
[EventDate "2023.09.18"]
[EventType "team-tourn"]
[EventRounds "9"]
[EventCountry "POL"]
[SourceTitle "CBM 216 Extra"]
[Source "ChessBase"]
[SourceDate "2023.11.30"]
[SourceVersion "1"]
[SourceVersionDate "2023.11.30"]
[SourceQuality "1"]
[WhiteTeam "Wroclaw Polonia"]
[BlackTeam "Legnica Miedz"]
[WhiteTeamCountry "POL"]
[BlackTeamCountry "POL"]

1. d4 Nf6 2. c4 g6 3. h4 Bg7 4. Nc3 d6 5. e4 Nc6 6. f3 e5 7. d5 Nd4 8. Nge2 c5 9. dxc6 bxc6 10. Be3 c5 11. Ng3 h5 12. Bd3 Be6 13. Qd2 Rb8 14. Nge2 Nd7 15. b3 Bf6 16. Bg5 Bxg5 17. Qxg5 Qxg5 18. hxg5 Ke7 19. Kf2 Nf8 20. g3 Nh7 21. f4 f6 22. gxf6+ Nxf6 23. Raf1 Ng4+ 24. Ke1 Ne3 25. Rf2 Ng4 26. Rff1 Ne3 27. Rf2 Ng4 28. Rff1 1/2-1/2

[Event "Wch Disabilities 5th"]
[Site "Lublin"]
[Date "2023.08.24"]
[Round "6"]
[White "Mukha, Nikolay"]
[Black "Tazbir, Marcin"]
[Result "1/2-1/2"]
[WhiteElo "2109"]
[BlackElo "2500"]
[PlyCount "106"]
[EventDate "2023.08.19"]
[EventType "swiss"]
[EventRounds "9"]
[EventCountry "POL"]
[SourceTitle "CBM 215 Extra"]
[Source "ChessBase"]
[SourceDate "2023.09.30"]
[SourceVersion "1"]
[SourceVersionDate "2023.09.30"]
[SourceQuality "1"]

1. d4 Nf6 2. c4 e6 3. Nf3 d5 4. Bg5 h6 5. Bxf6 Qxf6 6. e3 c6 7. Nc3 Nd7 8. Bd3 Bb4 9. 0-0 0-0 10. e4 Bxc3 11. bxc3 dxe4 12. Bxe4 e5 13. Re1 exd4 14. cxd4 Rd8 15. Qb3 Nf8 16. d5 cxd5 17. cxd5 Rb8 18. Rac1 Bf5 19. g3 Bxe4 20. Rxe4 Qd6 21. Rd4 Nd7 22. Nh4 Ne5 23. Qe3 Ng6 24. Nf5 Qf6 25. Qf3 Ne5 26. Qf4 Re8 27. g4 Qg5 28. Rc7 Ng6 29. Qxg5 hxg5 30. Kf1 Kf8 31. d6 Nf4 32. d7 Red8 33. Rdc4 Nd5 34. Rc8 Nb6 35. Rxb8 Rxb8 36. Rc7 g6 37. Nd6 Rd8 38. Rc8 Ke7 39. Rxd8 Kxd8 40. Nxf7+ Kxd7 41. Nxg5 Nd5 42. Ne4 b5 43. Ke2 Ke6 44. h4 Ke5 45. f3 a5 46. Kd2 b4 47. h5 gxh5 48. gxh5 Kf5 49. Kc2 a4 50. Kb2 Ne3 51. Nc5 Nc4+ 52. Kc2 b3+ 53. axb3 axb3+ 1/2-1/2

[Event "Wch Disabilities 5th"]
[Site "Lublin"]
[Date "2023.08.23"]
[Round "5"]
[White "Tazbir, Marcin"]
[Black "Molenda, Marcin"]
[Result "1-0"]
[WhiteElo "2500"]
[BlackElo "2392"]
[PlyCount "61"]
[EventDate "2023.08.19"]
[EventType "swiss"]
[EventRounds "9"]
[EventCountry "POL"]
[SourceTitle "CBM 215 Extra"]
[Source "ChessBase"]
[SourceDate "2023.09.30"]
[SourceVersion "1"]
[SourceVersionDate "2023.09.30"]
[SourceQuality "1"]

1. Nf3 d5 2. g3 Nf6 3. Bg2 c5 4. 0-0 e6 5. c4 d4 6. e3 Nc6 7. exd4 cxd4 8. d3 Bd6 9. a3 a5 10. Bg5 h6 11. Bxf6 Qxf6 12. Nbd2 Qe7 13. Ne4 Bc7 14. c5 0-0 15. Nfd2 Bd7 16. Rc1 Rab8 17. Re1 Ne5 18. Qe2 Bb5 19. Nd6 Nxd3 20. Nxb5 Nxe1 21. Qxe1 Qd7 22. a4 Bd8 23. Nc4 Be7 24. Ne5 Qe8 25. c6 bxc6 26. Bxc6 Bb4 27. Bxe8 Bxe1 28. Bxf7+ Rxf7 29. Nxf7 Bxf2+ 30. Kxf2 Kxf7 31. Kf3 1-0

[Event "Stare Mesto op"]
[Site "Stare Mesto"]
[Date "2023.08.12"]
[Round "8"]
[White "Tazbir, Marcin"]
[Black "Delgerdalai, Bayarjavkhlan"]
[Result "1/2-1/2"]
[WhiteElo "2500"]
[BlackElo "2273"]
[PlyCount "84"]
[EventDate "2023.08.05"]
[EventType "swiss"]
[EventRounds "9"]
[EventCountry "CZE"]
[SourceTitle "EXT 2024"]
[Source "ChessBase"]
[SourceDate "2023.10.10"]
[SourceVersion "1"]
[SourceVersionDate "2023.10.10"]
[SourceQuality "1"]

1. e4 c5 2. Nc3 e6 3. g3 Nc6 4. Nf3 d5 5. Bg2 d4 6. Ne2 e5 7. d3 Be7 8. a4 h5 9. h4 Nh6 10. Nh2 Ng4 11. f3 Nxh2 12. Rxh2 Be6 13. f4 Bg4 14. fxe5 Nxe5 15. Bf4 Bd6 16. Qd2 f6 17. Rh1 Qe7 18. Kf2 Rf8 19. Raf1 0-0-0 20. Kg1 Kb8 21. Bxe5 Qxe5 22. Bf3 Bd7 23. b3 Rg8 24. Bg2 g5 25. hxg5 Rxg5 26. Qf4 Rdg8 27. Qxf6 Qxf6 28. Rxf6 Bxg3 29. Kf1 Be5 30. Rf2 Kc7 31. Bh3 Bc6 32. Rf7+ Kd6 33. Ng1 R8g7 34. Rxg7 Rxg7 35. Bf5 Be8 36. Nf3 Bf4 37. Rg1 Rxg1+ 38. Kxg1 Ke7 39. Kg2 Kf6 40. Kh3 b6 41. Kh4 b5 42. Kh3 Ke7 1/2-1/2

[Event "Stare Mesto op"]
[Site "Stare Mesto"]
[Date "2023.08.10"]
[Round "6"]
[White "Tazbir, Marcin"]
[Black "Kulich, Filip"]
[Result "1-0"]
[WhiteElo "2500"]
[BlackElo "2031"]
[PlyCount "59"]
[EventDate "2023.08.05"]
[EventType "swiss"]
[EventRounds "9"]
[EventCountry "CZE"]
[SourceTitle "EXT 2024"]
[Source "ChessBase"]
[SourceDate "2023.10.10"]
[SourceVersion "1"]
[SourceVersionDate "2023.10.10"]
[SourceQuality "1"]

1. d4 Nf6 2. c4 g6 3. h4 Bg7 4. Nc3 d6 5. e4 0-0 6. Be2 e5 7. d5 Nbd7 8. g4 Nc5 9. f3 a5 10. h5 Ne8 11. Be3 b6 12. Qd2 f5 13. hxg6 hxg6 14. exf5 gxf5 15. Nh3 fxg4 16. fxg4 Nf6 17. Nf2 Qe8 18. g5 Nh7 19. Bh5 Qe7 20. Bg6 Bf5 21. Bxf5 Rxf5 22. Nfe4 Qf7 23. 0-0-0 Qg6 24. Rdg1 Raf8 25. Nf6+ Nxf6 26. gxf6 Qxf6 27. Bxc5 bxc5 28. Ne4 Qe7 29. Qh2 Kf7 30. Rxg7+ 1-0